Statistics for Celebrity Tattoos

Click here to take the quiz!

General Stats

  • This quiz has been taken 584 times
    (544 since last reset)
  • The average score is 10 of 26

Answer Stats

HintAnswer% Correct
This soccer player has his sons names and an angel on his back.David Beckham
83%
He has a tattoo around his eye; it was parodied in a sequel to a well-known Vegas movie.Mike Tyson
75%
Blonde rapper with a portrait of his daughter on his arm.Eminem
64%
This actor has tattoos for all of his children, inluding one with the name Jack and a picture of a Sparrow.Johnny Depp
59%
Disney star and singer has many small tattoos on her fingers, one in her ear, and pretty much everywhere.Miley Cyrus
59%
Known for her tattooed body, she has a large dragon on her lower back, her childrens longitudes and latitudes on her shoulder, and a big black cross on her hip.Angelina Jolie
52%
Multi-colored wig wearing rapper has Chinese on her upper arm.Nicki Minaj
51%
This young, popular singer has a surprisingly high count of tats; they include Hebrew on his ribcage, an owl, a crown , and a number of religious designs.Justin Bieber
49%
This singer has many tattoos, including stars below her neck, Roman numerals, and one on her finger.Rihanna
47%
This rapper is covered in ink, even on his face, including teardrops and a small cross between his brows.Lil Wayne
42%
I really hope this actor famous for musicals based on high school realizes how dumb he was to tattoo "YOLO" on his hand.Zac Efron
42%
The wife of a another celebrity on this list (she was also once in an all-girls band) has a Hebrew quote going down the nape of her neck down her upper spine.Victoria Beckham
37%
Probably associated with the above ^, this formerly troubled singer has many tattoos, like a cross on her hand and a flock of birds below going down her arm.Demi Lovato
35%
He has a battered looking woman on his neck; he claims it's a "sugar skull" but it bears a striking resemblance to someone else in his life.....Chris Brown
34%
She had a portrait of Marilyn Monroe on her forearm; also has a quote from Shakespeare on her shoulder.Megan Fox
33%
This crazy Jackass has a huge tattoo of his own face on his back.Steve-O
32%
This natural redheaded trouble-maker has "la bella vita" on her lower back.Lindsay Lohan
28%
Beauty who has her own "ink" show; too many tattoos to count.Kat Von D
27%
She had infamous paw prints done on her cleavage.Eve
25%
This actress who was once lost in translation has a colorful, childish-looking beach sunrise on her arm.Scarlett Johansson
25%
This drummer known for a video with his one-time signifigant other, has MAYHEM across his stomach.Tommy Lee
25%
Singer and actor couple who got matching tattoos meaning "go with the flow." *You just have to guess one*Katy Perry and Russell Brand
18%
This guitarist has a tribute to his ex wife, Carmen Electra, on his chest.Dave Navarro
17%
This daughter of a singer made the ankle rosary tattoo popular.Nicole Richie
14%
"To live without regrets" is misspelled on this cute blonde actress's side.Hayden Panettiere
8%
This actor/singer has his older wifes first name written hugely across his back.Nick Cannon
7%

Score Distribution

Percentile by Number Answered

Percent of People with Each Score

Your Score History

You have not taken this quiz since the last reset